Из философского наследия народов Ближнего и Среднего Востока

Podrobná bibliografie
Korporativní autor: Академия наук Узбекской ССР Институт философии и права
Další autoři: Муминов И. М. (редактор), Хайруллаев М. М.
Jazyk:ruština
Vydáno: Ташкент, Фан, 1972
Témata:
Médium: Kniha
KOHA link:https://koha.lib.tpu.ru/cgi-bin/koha/opac-detail.pl?biblionumber=354123

MARC

LEADER 00000nam0a2200000 4500
001 354123
005 20231102010648.0
035 |a (RuTPU)RU\TPU\retro\11381 
090 |a 354123 
100 |a 20200616d1972 km y0rusy50 ca 
101 0 |a rus 
102 |a UZ 
105 |a a z 001zd 
200 1 |a Из философского наследия народов Ближнего и Среднего Востока  |f Академия наук Узбекской ССР, Институт философии и права ; под ред. И. М. Муминова, М. М. Хайруллаева 
210 |a Ташкент  |c Фан  |d 1972 
215 |a 264 с.  |c ил. 
320 |a Библиография в ссылках 
600 0 |a аль-Кинди  |c арабский учёный-энциклопедист, философ  |c первый представитель восточного аристотелизма  |c Абу Юсуф Якуб бен Исхак ас-Саббах ал-Кинди  |f около 800- около 870  |2 stltpush  |3 (RuTPU)RU\TPU\pers\13067  |9 3767 
600 0 |a Абу Бакр ар-Рази  |c полное имя Абу Бакр Мухаммад ибн Закарийа ар-Рази  |c латинизированное имя Разес  |f 865-925  |c исламский ученый-энциклопедист  |c врач  |c философ  |c писатель  |2 stltpush  |3 (RuTPU)RU\TPU\pers\20459 
600 1 |a Фараби (аль-Фараби)  |b А. Н. ибн М.  |c мусульманский философ  |f 870-950  |g Абу Наср ибн Мухаммед  |2 stltpush  |3 (RuTPU)RU\TPU\pers\11324  |9 2539 
600 0 |a Бируни (Беруни)  |c полное имя Абу-р-Рейхан Мухаммед ибн Ахмед аль-Бируни  |c среднеазиатский ученый-энциклопедист  |f 973 - около 1050  |2 stltpush  |3 (RuTPU)RU\TPU\pers\13133  |9 3817 
606 1 |a Философия народов Востока  |2 stltpush  |3 (RuTPU)RU\TPU\subj\63887  |9 80819 
610 1 |a естественнонаучная философия 
610 1 |a философская мысль 
610 1 |a средневековая философия 
610 1 |a Ближний Восток 
610 1 |a Средний Восток 
610 1 |a мыслители 
610 1 |a философы 
686 |a Ю3(5)  |v LBC/SL-A  |2 rubbk 
702 1 |a Муминов  |b И. М.  |4 340 
702 1 |a Хайруллаев  |b М. М.  |4 340 
712 0 2 |a Академия наук Узбекской ССР  |b Институт философии и права  |2 stltpush  |3 (RuTPU)RU\TPU\col\15652  |9 26206 
801 1 |a RU  |b 63413507  |c 20200616 
801 2 |a RU  |b 63413507  |c 20201217  |g RCR 
942 |c BK